| 000 | 00488nam a2200193Ia 4500 | ||
|---|---|---|---|
| 001 | 16884 | ||
| 003 | GE_BSU | ||
| 008 | 181216s||||||||xx |||||||||||||| ||und|| | ||
| 040 | _cGE_BSU | ||
| 080 | _a821.353.1-1 | ||
| 100 | _aგაფრინდაშვილი, ვ. | ||
| 245 | _aრჩეული | ||
| 260 | _aთბილისი | ||
| 260 | _bსახელგამი | ||
| 260 | _c1956 | ||
| 300 | _a248გვ. ; 21სმ | ||
| 653 | _aრჩეული | ||
| 942 | _cBK | ||
| 999 |
_c49948 _d49948 |
||